[Event "Less trivial norm "]
[Site "SchemingMind.com"]
[Date "2007.06.19"]
[Round "-"]
[White "Aumonde"]
[Black "sibelius"]
[Result "1-0"]
[WhiteCountry "USA"]
[BlackCountry "USA"]
[WhiteElo "2262"]
[WhiteRD "56"]
[BlackElo "2070"]
[BlackRD "76"]
[GameID "109957"]

1. e4 c5 2. Nf3 g6 3. d4 cxd4 4. Nxd4 Nc6 5. Nxc6 bxc6 6. Nc3 Bg7 7. Bc4 d6 8. Qf3 Nf6 9. e5 dxe5 10. Qxc6+ Bd7
11. Qa6 O-O 12. Bg5 e6 13. Rd1 Qc7 14. O-O Bc6 15. Rfe1 Bb7 16. Qa4 Rfd8 17. Be2 Rxd1 18. Rxd1 Nd5 19. Nxd5 exd5 20. c3 d4
21. Rc1 Qd6 22. cxd4 exd4 23. Bc4 Bd5 24. Bxd5 Qxd5 25. Qc6 Qxc6 26. Rxc6 Rb8 27. b3 Re8 28. Kf1 h6 29. Bd2 h5 30. Ra6 Re7
31. Bb4 Rd7 32. Bc5 d3 33. Ke1 Rc7 34. b4 Bf8 35. Ra5 Rb7 36. Bxf8 Kxf8 37. b5 Ke7 38. Kd2 Kd6 39. Kxd3 Kc5 40. a4 Re7
41. Kc3 Rc7 42. Ra6 Kd5+ 43. Kb4 Rc4+ 44. Ka5 Rc7 45. Rf6 Ke5 46. Rc6 Re7 47. Ka6 Kd5 48. a5 h4 49. h3 g5 50. Rc2 Kd6
51. Ra2 f6 52. b6 axb6 53. axb6
1-0

[Event "Less trivial norm "]
[Site "SchemingMind.com"]
[Date "2007.06.24"]
[Round "-"]
[White "Aumonde"]
[Black "megapixel"]
[Result "1-0"]
[WhiteCountry "USA"]
[BlackCountry "ENG"]
[WhiteElo "2280"]
[WhiteRD "56"]
[BlackElo "1951"]
[BlackRD "81"]
[GameID "109958"]

1. d4 Nf6 2. c4 e6 3. Nc3 Bb4 4. f3 d5 5. a3 Be7 6. e4 dxe4 7. fxe4 e5 8. d5 Bc5 9. Nf3 Bg4 10. Qd3 Bxf3
11. Qxf3 Nbd7 12. Bd2 c6 13. dxc6 bxc6 14. g4 h6 15. h4 Rb8 16. b4 Bd4 17. Rc1 Nh7 18. g5 Nhf8 19. gxh6 gxh6 20. Ne2 Qf6=
21. Qxf6 Nxf6 22. Nxd4 exd4 23. Bf4 Rd8 24. Bc7 Rc8 25. Be5 N8d7 26. Bxd4 Rg8 27. Bh3 Nxe4 28. Rc2 Nd6 29. Bc5 Nxc5 30. bxc5 Rb8
31. Re2+ Kd8 32. Kf2 Nf5 33. Bxf5 Rb3 34. Rd1+ Kc7 35. Rd7+ Kb8 36. Rxf7 Rxa3 37. Rb2+ Ka8 38. Bd7 Ra6 39. Re7 Rf8+ 40. Ke3 Rg8
41. Be8 h5 42. Ke4 Rf8 43. Rd2 Rb6 44. Rd8+
1-0

[Event "Less trivial norm "]
[Site "SchemingMind.com"]
[Date "2007.06.19"]
[Round "-"]
[White "Louis Lima"]
[Black "Aumonde"]
[Result "0-1"]
[WhiteCountry "ESP"]
[BlackCountry "USA"]
[WhiteElo "1709"]
[WhiteRD "63"]
[BlackElo "2277"]
[BlackRD "59"]
[GameID "109960"]

1. e4 d6 2. d4 Nf6 3. Nc3 g6 4. Nf3 Bg7 5. h3 O-O 6. Be3 d5 7. e5 Ne4 8. Nxe4 dxe4 9. Ng5 c5 10. c3 cxd4
11. cxd4 Qd5 12. Qb3 Qxb3 13. axb3 Nc6 14. Nxe4 Rd8 15. Rd1 Nb4 16. Nc5 b6 17. Nd3 Nc2+ 18. Kd2 Nxd4
0-1

[Event "Less trivial norm "]
[Site "SchemingMind.com"]
[Date "2007.06.20"]
[Round "-"]
[White "doodledandy"]
[Black "Aumonde"]
[Result "1-0"]
[WhiteCountry "CAN"]
[BlackCountry "USA"]
[WhiteElo "2475"]
[WhiteRD "86"]
[BlackElo "2262"]
[BlackRD "56"]
[GameID "109961"]

1. e4 d6 2. d4 Nf6 3. Nc3 c6 4. f4 Qa5 5. Bd3 Qb6 6. Nf3 Bg4 7. e5 Nd5 8. exd6 Nd7 9. Nxd5 cxd5 10. dxe7 Bxe7
11. O-O O-O 12. c3 Nf6 13. Qb3 Qxb3 14. axb3 Ne4 15. Ng5 Nxg5 16. fxg5 a6 17. Bf4 Rfe8 18. Rfe1 Bf8 19. Rxe8 Rxe8 20. Ra5 Bc8
21. Rxd5 Be6 22. Re5 Bd6 23. Re4 Bxf4 24. Rxf4 Bxb3 25. Kf2 b5 26. Re4 Rd8 27. Re7 g6 28. Ke3 Rd6 29. Kf4 Re6 30. Rxe6 fxe6
31. Ke5 Kf7 32. Kd6 Bd5 33. g3 Bb3 34. Kc5 e5 35. dxe5 Ke6 36. Kb6 Kxe5 37. Kxa6 Ke6 38. Kxb5 Kd5 39. c4+
1-0

[Event "Less trivial norm "]
[Site "SchemingMind.com"]
[Date "2007.06.21"]
[Round "-"]
[White "Efren ramos"]
[Black "Aumonde"]
[Result "0-1"]
[WhiteCountry "NCA"]
[BlackCountry "USA"]
[WhiteElo "1935"]
[WhiteRD "78"]
[BlackElo "2277"]
[BlackRD "59"]
[GameID "109962"]

1. d4 Nf6 2. Nf3 c5 3. g3 cxd4 4. Qxd4 d5 5. Bg2 Nc6 6. Qd1 Bf5 7. O-O e5 8. a3 Be7 9. b4 Qc7 10. Bb2 O-O
11. b5 Qb6 12. Bxe5 Nxe5 13. Nxe5 Qxb5 14. Nd2 Rac8 15. Nd3 Qa4 16. Nb3 Qc4 17. Ra2 Rfd8 18. Qd2 Ne4 19. Qf4 Be6 20. Bf3 Bg5
21. Qe5 Bf6 22. Qh5 g6 23. Qh6 Bg5
0-1

[Event "Less trivial norm "]
[Site "SchemingMind.com"]
[Date "2007.06.21"]
[Round "-"]
[White "pawngrabber"]
[Black "Aumonde"]
[Result "0-1"]
[WhiteCountry "ENG"]
[BlackCountry "USA"]
[WhiteElo "1909"]
[WhiteRD "73"]
[BlackElo "2277"]
[BlackRD "59"]
[GameID "109963"]

1. d4 Nf6 2. c4 e5 3. dxe5 Ne4 4. Nf3 Nc6 5. e3 Bb4+ 6. Bd2 Nxd2 7. Nbxd2 Qe7 8. Bd3 Nxe5 9. Nxe5 Qxe5 10. Qc2 Bxd2+
11. Qxd2 O-O 12. O-O d6 13. Qc2 f5 14. Be2 f4 15. exf4 Rxf4 16. Bf3 Rxf3 17. gxf3 Bh3 18. f4 Qxf4 19. f3 Bxf1 20. Rxf1 Re8
21. b3 a6 22. Qd3 c6 23. Kg2 Re3 24. Qd2 b5 25. cxb5 axb5 26. Qc2 Qg5+ 27. Kh1 Qd5 28. Kg2 c5 29. Rf2 Qg5+ 30. Kf1 Qh5
31. Kg2 Re1 32. Qd2 Qg6+ 33. Kh3 Re5
0-1

[Event "Less trivial norm "]
[Site "SchemingMind.com"]
[Date "2007.06.19"]
[Round "-"]
[White "sibelius"]
[Black "Aumonde"]
[Result "1/2-1/2"]
[WhiteCountry "USA"]
[BlackCountry "USA"]
[WhiteElo "2070"]
[WhiteRD "76"]
[BlackElo "2262"]
[BlackRD "56"]
[GameID "109964"]

1. e4 c6 2. d4 d5 3. exd5 cxd5 4. Bd3 Nc6 5. c3 Nf6 6. Bf4 g6 7. Nd2 Bg7 8. Ngf3 O-O 9. h3 Nh5 10. Be3 Qd6
11. O-O Nf4 12. Bxf4 Qxf4 13. Re1 a6 14. Qe2 Bd7 15. Nb3 e5 16. Nc5 Bc8 17. dxe5 Re8 18. Qd1 Nxe5 19. Bf1 Qf5 20. Nxe5 Rxe5
21. Qd2 Bf8 22. Qd4 Bg7 23. Qh4 Qf6 24. Qxf6 Bxf6 25. Rxe5 Bxe5 26. Rd1 Bc7 27. Rxd5 b6 28. Nd7 Kg7 29. Rd4 Ra7 30. g3 b5
31. Nc5 Bb6 32. Rd5 Rc7 33. Nxa6 Bxa6 34. Rd6 Rb7 35. a4 Bc7 36. Rxa6 bxa4 37. Rxa4 Rxb2 38. Re4 Rc2 39. c4 Bb6 40. Be2 Kf6
41. Kg2 h5 42. Re8 Ra2 43. Kf3 Ra3+ 44. Kg2 Ra2 45. Kf3 Ra3+ 46. Kg2 Ra2 47. h4 Kg7 48. Re5 Ba7 49. Re7 Kf8 50. Rc7 Bb6
51. Rb7= Bc5 52. Rb5 Ba7 53. Rb7 Bc5=
1/2-1/2

[Event "Less trivial norm "]
[Site "SchemingMind.com"]
[Date "2007.06.24"]
[Round "-"]
[White "megapixel"]
[Black "Aumonde"]
[Result "0-1"]
[WhiteCountry "ENG"]
[BlackCountry "USA"]
[WhiteElo "1951"]
[WhiteRD "81"]
[BlackElo "2280"]
[BlackRD "56"]
[GameID "109965"]

1. e4 d6 2. d4 Nf6 3. Nc3 c6 4. Nf3 g6 5. h3 b5 6. Bd3 Bg7 7. O-O a6 8. Be3 Bb7 9. Qd2 Nbd7 10. Bh6 Bxh6
11. Qxh6 e5 12. dxe5 dxe5 13. Rad1 Qe7 14. Rd2 O-O-O 15. Rfd1 Qb4 16. Qe3 Qxb2 17. Be2 Qb4 18. Rb1 Qe7 19. a4 b4 20. Na2 c5
21. a5 Nxe4 22. Rd3 Nd6 23. Rdb3 Nf5 24. Qc1 e4 25. Ne1 Nd4 26. Re3 Qe6 27. Qb2 Bd5 28. Nxb4 Nxe2+ 29. Rxe2 cxb4 30. Qxb4 Ne5
31. f4 Nc4 32. Nd3 Qd6 33. Nc5 Rhe8 34. Rb3 Kc7 35. Re1 Rb8 36. Nxa6+ Qxa6 37. Qc5+ Qc6 38. Qa7+ Rb7 39. Rxb7+ Qxb7 40. Qc5+ Qc6
41. Qa7+ Kd6 42. Kh2 Qc5
0-1

[Event "Less trivial norm "]
[Site "SchemingMind.com"]
[Date "2007.06.19"]
[Round "-"]
[White "dvella"]
[Black "Aumonde"]
[Result "1/2-1/2"]
[WhiteCountry "MLT"]
[BlackCountry "USA"]
[WhiteElo "2080"]
[WhiteRD "86"]
[BlackElo "2262"]
[BlackRD "56"]
[GameID "110026"]

1. e4 e5 2. Nf3 Nf6 3. Nxe5 d6 4. Nf3 Nxe4 5. d4 d5 6. Bd3 Be7 7. O-O O-O 8. c4 Bg4 9. cxd5 Ng5 10. Bxg5 Bxg5
11. h3 Bh5 12. g4 Bg6 13. Nxg5 Qxg5 14. Bxg6 Qxg6 15. Qb3 h5 16. Qxb7 hxg4 17. Qxc7 gxh3+ 18. Qg3 Nd7 19. Qxg6 fxg6 20. Kh2 Rab8
21. b3 Rb4 22. Nc3 Rxd4 23. Rad1 Rdf4 24. Rd3 Rf3 25. Rxf3 Rxf3 26. Ne4 Nf6 27. Ng3 Nxd5 28. Kxh3 Nb4 29. Kg4 Rf7 30. Ne4= Nxa2
31. Rd1 Nb4=
1/2-1/2

[Event "Less trivial norm "]
[Site "SchemingMind.com"]
[Date "2007.06.19"]
[Round "-"]
[White "dvella"]
[Black "Louis Lima"]
[Result "1-0"]
[WhiteCountry "MLT"]
[BlackCountry "ESP"]
[WhiteElo "2040"]
[WhiteRD "87"]
[BlackElo "1709"]
[BlackRD "63"]
[GameID "110028"]

1. e4 c5 2. Nf3 g6 3. c3 Bg7 4. d4 cxd4 5. cxd4 d5 6. e5 Bg4 7. Nc3 Nc6 8. Be3 Nh6 9. Qb3 O-O 10. Qxb7 Rc8
11. Be2
1-0

[Event "Less trivial norm "]
[Site "SchemingMind.com"]
[Date "2007.06.20"]
[Round "-"]
[White "dvella"]
[Black "doodledandy"]
[Result "0-1"]
[WhiteCountry "MLT"]
[BlackCountry "CAN"]
[WhiteElo "2040"]
[WhiteRD "87"]
[BlackElo "2476"]
[BlackRD "83"]
[GameID "110029"]

1. e4 c5 2. Nf3 Nc6 3. Bb5 e6 4. O-O Nge7 5. c3 a6 6. Ba4 b5 7. Bc2 c4 8. d4 cxd3 9. Qxd3 Ng6 10. Rd1 Be7
11. b4 Bf6 12. a3 O-O 13. Be3 a5 14. Bc5 axb4 15. Bxf8 Qxf8 16. e5 Ncxe5 17. Nxe5 Bxe5 18. Qxb5 f5 19. Re1 Rb8 20. Rxe5 Rxb5
21. Rxb5 bxc3 22. Nxc3 Ba6 23. Rb2 Nf4 24. Nd1 Qf6 25. Rab1 Qe5 26. Ne3 Ne2+ 27. Kh1 Nc3 28. Rc1 Ne4 29. Rbb1 Nxf2+
0-1

[Event "Less trivial norm "]
[Site "SchemingMind.com"]
[Date "2007.06.20"]
[Round "-"]
[White "dvella"]
[Black "Efren ramos"]
[Result "1-0"]
[WhiteCountry "MLT"]
[BlackCountry "NCA"]
[WhiteElo "2117"]
[WhiteRD "92"]
[BlackElo "1928"]
[BlackRD "87"]
[GameID "110030"]

1. e4 c6 2. d4 d5 3. Nc3 dxe4 4. Nxe4 Bf5 5. Ng3 Bg6 6. h4 h6 7. Nf3 Nd7 8. h5 Bh7 9. Bd3 Bxd3 10. Qxd3 Qc7
11. Rh4 e6 12. Bf4 Qa5+ 13. Bd2 Qb6 14. O-O-O Ngf6 15. Ne5 Be7 16. Nxd7 Nxd7 17. Rg4 Kf8 18. Ne4 Nf6 19. Nxf6 Bxf6 20. Kb1 Rd8
21. Bc3 Rd5 22. Qg3 Ke7 23. a3 a5 24. Rxg7 Bxg7 25. Qxg7 Qd8 26. Bd2 Qg8 27. Bxh6 Qxg7 28. Bxg7 Rhxh5 29. g4 Rhg5 30. Bh6 Rxg4
31. Be3 Rh5 32. Rd3 a4 33. b3 axb3 34. Rxb3 b5 35. a4= bxa4 36. Rb7+ Kf6 37. Ra7 Rb5+ 38. Ka2 Rb4 39. c3 Rc4 40. Kb2 Rg1
41. Kc2 e5 42. Kd3 exd4 43. Kxc4 dxe3 44. fxe3 Ke6 45. Kd3
1-0

[Event "Less trivial norm "]
[Site "SchemingMind.com"]
[Date "2007.06.21"]
[Round "-"]
[White "dvella"]
[Black "pawngrabber"]
[Result "1-0"]
[WhiteCountry "MLT"]
[BlackCountry "ENG"]
[WhiteElo "2080"]
[WhiteRD "86"]
[BlackElo "1871"]
[BlackRD "73"]
[GameID "110031"]

1. e4 d6 2. d4 Nf6 3. Nc3 g6 4. Be3 Bg7 5. Qd2 h6 6. f3 Nc6 7. O-O-O a6 8. h4 b5 9. Nge2 Bb7 10. g4 Qd7
11. Bh3 e6 12. f4 Na5 13. b3 b4 14. Na4 Nxe4 15. Qxb4 Qb5 16. Qxb5+ axb5 17. Nb2 O-O 18. Rhg1 Bd5 19. f5 Nxb3+ 20. cxb3 Rxa2
21. Kc2 c5 22. Ra1 Rfa8 23. Rxa2 Rxa2 24. Nc1 Ra1 25. dxc5 Nxc5 26. Bg2 Bxg2 27. Rxg2 Ne4 28. Ncd3 e5 29. fxg6 fxg6 30. Rg1 Rxg1
31. Bxg1 Nf6 32. g5 hxg5 33. hxg5 Ne4 34. Be3 d5 35. Nc5 Nxc5 36. Bxc5 e4 37. Nd1 d4 38. Nf2 e3 39. Ne4 Kf7 40. Nd6+ Ke6
41. Kd3 b4 42. Nb5
1-0

[Event "Less trivial norm "]
[Site "SchemingMind.com"]
[Date "2007.06.19"]
[Round "-"]
[White "dvella"]
[Black "sibelius"]
[Result "0-1"]
[WhiteCountry "MLT"]
[BlackCountry "USA"]
[WhiteElo "2040"]
[WhiteRD "87"]
[BlackElo "2117"]
[BlackRD "74"]
[GameID "110032"]

1. e4 c5 2. Nf3 g6 3. c3 Bg7 4. d4 cxd4 5. cxd4 d5 6. e5 Bg4 7. Nc3 Nc6 8. Bb5 Nh6 9. Be3 Nf5 10. h3 Bxf3
11. Qxf3 O-O 12. Rd1 e6 13. O-O f6 14. Bxc6 bxc6 15. exf6 Bxf6 16. Qe2 Qc7 17. Na4 Rae8 18. Nc5 e5 19. dxe5 Bxe5 20. Qc2 Bh2+
21. Kh1 Rxe3 22. g3 Qe7 23. fxe3 Nxg3+ 24. Kxh2 Nxf1+ 25. Kh1 Qh4
0-1

[Event "Less trivial norm "]
[Site "SchemingMind.com"]
[Date "2007.06.24"]
[Round "-"]
[White "dvella"]
[Black "megapixel"]
[Result "1-0"]
[WhiteCountry "MLT"]
[BlackCountry "ENG"]
[WhiteElo "2106"]
[WhiteRD "88"]
[BlackElo "1951"]
[BlackRD "81"]
[GameID "110033"]

1. e4 c5 2. Nf3 g6 3. c3 Bg7 4. d4 cxd4 5. cxd4 d5 6. e5 Bg4 7. Nc3 Nc6 8. Be3 e6 9. Qd2 Bxf3 10. gxf3 Nge7
11. Bd3 O-O 12. f4 Nf5 13. O-O-O Qa5 14. Kb1 a6 15. Bxf5 exf5 16. h4 h5 17. Rhg1 Rfc8 18. e6 Rc7 19. exf7+ Kxf7 20. Qe2 Rac8
21. Qf3 Ne7 22. Rc1 Qb4 23. Nxd5 Rxc1+ 24. Rxc1 Rxc1+ 25. Bxc1 Qd6 26. Nxe7= Qxe7 27. Qb3+ Kf8 28. d5 Qe4+ 29. Ka1 Qe1 30. Qc2 Qe8
31. Qc7 b5 32. Qd6+
1-0

[Event "Less trivial norm "]
[Site "SchemingMind.com"]
[Date "2007.06.19"]
[Round "-"]
[White "Aumonde"]
[Black "dvella"]
[Result "1/2-1/2"]
[WhiteCountry "USA"]
[BlackCountry "MLT"]
[WhiteElo "2277"]
[WhiteRD "59"]
[BlackElo "2040"]
[BlackRD "87"]
[GameID "110034"]

1. e4 c5 2. Nf3 d6 3. c3 Nf6 4. Be2 Bd7 5. e5 dxe5 6. Nxe5 Nc6 7. Nxd7 Qxd7 8. O-O e6 9. d3 Be7 10. Nd2 O-O
11. Nf3 Rfd8 12. Qc2 Rac8 13. Re1 h6 14. Bd2 Bf8 15. Qb3 Na5 16. Qa3 Nc6 17. Qb3 Na5 18. Qc2 Nc6 19. Qb3
1/2-1/2

[Event "Less trivial norm "]
[Site "SchemingMind.com"]
[Date "2007.06.19"]
[Round "-"]
[White "Louis Lima"]
[Black "dvella"]
[Result "0-1"]
[WhiteCountry "ESP"]
[BlackCountry "MLT"]
[WhiteElo "1709"]
[WhiteRD "63"]
[BlackElo "2040"]
[BlackRD "87"]
[GameID "110036"]

1. e4 c5 2. Nc3 g6 3. f4 Bg7 4. Nf3 e6 5. Bc4 Ne7 6. O-O O-O 7. e5 d5 8. exd6 Qxd6 9. d3 Nbc6 10. Ne4 Qc7
0-1

[Event "Less trivial norm "]
[Site "SchemingMind.com"]
[Date "2007.06.20"]
[Round "-"]
[White "doodledandy"]
[Black "dvella"]
[Result "1-0"]
[WhiteCountry "CAN"]
[BlackCountry "MLT"]
[WhiteElo "2476"]
[WhiteRD "83"]
[BlackElo "2040"]
[BlackRD "87"]
[GameID "110037"]

1. e4 c5 2. Nf3 d6 3. Bb5+ Bd7 4. Bxd7+ Qxd7 5. O-O Nc6 6. c3 Nf6 7. d4 cxd4 8. cxd4 e6 9. d5 Ne5 10. dxe6 Qxe6
11. Nd4 Qd7 12. Nc3 g6 13. Bg5 Bg7 14. f4 Nc6 15. Ndb5 Rd8 16. e5 dxe5 17. fxe5 Qxd1 18. Nxd1 Nd7 19. Nd6+ Kf8 20. Nxf7
1-0

[Event "Less trivial norm "]
[Site "SchemingMind.com"]
[Date "2007.06.20"]
[Round "-"]
[White "Efren ramos"]
[Black "dvella"]
[Result "0-1"]
[WhiteCountry "NCA"]
[BlackCountry "MLT"]
[WhiteElo "1928"]
[WhiteRD "84"]
[BlackElo "2106"]
[BlackRD "88"]
[GameID "110038"]

1. d4 d5 2. c4 c6 3. Nc3 Nf6 4. cxd5 cxd5 5. Nf3 Nc6 6. Bf4 a6 7. e3 Bf5 8. Bd3 Bxd3 9. Qxd3 e6 10. O-O Be7
11. Rac1 O-O 12. Ne5 Nxe5 13. Bxe5 b5 14. f3 Nd7 15. Bg3 Rc8 16. Ne2 Qa5 17. a3 Rc4 18. Be1 Qb6 19. Bd2 Rfc8 20. b3 R4c7
21. Rxc7 Rxc7 22. b4 Qb7 23. Rc1= Nb6 24. Kf2 Nc4 25. Be1 Qc8 26. Rb1 Bg5 27. f4 Bh4+ 28. g3 Be7 29. h3 Nd6 30. Rb2 Ne4+
31. Kg2 f5 32. Qb3 Rc4 33. Bd2 Qe8 34. Rc2 Qh5 35. Be1= g5 36. Rxc4 Qxe2+
0-1

[Event "Less trivial norm "]
[Site "SchemingMind.com"]
[Date "2007.06.21"]
[Round "-"]
[White "pawngrabber"]
[Black "dvella"]
[Result "1/2-1/2"]
[WhiteCountry "ENG"]
[BlackCountry "MLT"]
[WhiteElo "1909"]
[WhiteRD "73"]
[BlackElo "2040"]
[BlackRD "87"]
[GameID "110039"]

1. d4 d5 2. Nc3 Bf5 3. Bf4 c6 4. Nf3 Nf6 5. e3 e6 6. Bd3 Bxd3 7. Qxd3 Bd6 8. Bxd6 Qxd6 9. O-O O-O 10. Rfe1 Nbd7
11. e4 dxe4 12. Nxe4 Nxe4 13. Rxe4 Nf6 14. Rh4 Rad8 15. Ng5 h6 16. Ne4 Nxe4 17. Rxe4 c5 18. Rd1 cxd4 19. Rxd4 Qxd4 20. Qxd4 Rxd4
21. Rxd4 Rc8 22. c3=
1/2-1/2

[Event "Less trivial norm "]
[Site "SchemingMind.com"]
[Date "2007.06.19"]
[Round "-"]
[White "sibelius"]
[Black "dvella"]
[Result "1-0"]
[WhiteCountry "USA"]
[BlackCountry "MLT"]
[WhiteElo "2117"]
[WhiteRD "74"]
[BlackElo "2040"]
[BlackRD "87"]
[GameID "110040"]

1. e4 c5 2. Nc3 g6 3. Nf3 Bg7 4. Bc4 e6 5. d4 cxd4 6. Nxd4 a6 7. O-O Ne7 8. Bg5 Qa5 9. Bxe7 Kxe7 10. Qd3 Nc6
11. Nxc6+ bxc6 12. Rad1 d5 13. exd5 cxd5 14. Bxd5 exd5 15. b4 Qd8 16. Nxd5+ Kf8 17. Qe3 Bf6 18. Nb6 Be6 19. Rxd8+ Rxd8 20. Qa3 Kg7
21. c4 Bd4 22. c5 Bf5 23. h4 Bd3 24. Re1 Bb5 25. Qf3 Rhf8 26. a4 Bd3 27. Rd1 Bf5 28. Nd5
1-0

[Event "Less trivial norm "]
[Site "SchemingMind.com"]
[Date "2007.06.24"]
[Round "-"]
[White "megapixel"]
[Black "dvella"]
[Result "0-1"]
[WhiteCountry "ENG"]
[BlackCountry "MLT"]
[WhiteElo "1945"]
[WhiteRD "81"]
[BlackElo "2080"]
[BlackRD "86"]
[GameID "110041"]

1. e4 c5 2. Nc3 g6 3. f4 Bg7 4. Nf3 e6 5. g3 Ne7 6. Bg2 d5 7. d3 O-O 8. O-O Nbc6 9. Rb1 Rb8 10. Re1 a6
11. Bd2 b5 12. Ne2 Bb7 13. h3 dxe4 14. dxe4 Qc7 15. Qc1= Rfd8 16. e5 Nf5 17. Kh2 Nfd4 18. c3 Nxf3+ 19. Bxf3 Nxe5 20. fxe5 Bxf3
21. Ng1 Ba8 22. Ne2 Bxe5 23. Bf4 Bxf4 24. Nxf4 Rd6 25. Qe3 Rbd8 26. Re2 Rd1 27. Nxe6 Rxb1
0-1